Statistics for Words ending with -ette

Click here to take the quiz!

General Stats

  • This quiz has been taken 27 times
  • The average score is 10 of 25

Answer Stats

hintanswer% Correct
a long loaf of French breadbaguette
84%
a person, usually a girl or woman, that has brown hairbrunette
80%
a cartridge holding magnetic tape for recording and playback of audiocassette
80%
a revolving wheel which is often used in gamblingroulette
80%
a figure with limbs controlled from above using stringsmarionette
76%
a roll of tobacco enclosed in papercigarette
72%
an apparatus use to transfer liquid using suctionpipette
72%
an official journal; a newspapergazette
56%
a tablet used to hold and mix pigmentspalette
56%
a table napkinserviette
56%
salad dressing of oil, wine vinegar, and seasoningvinaigrette
52%
the outline of a body circumscribing an objectsilhouette
44%
a rapid whirl of the bodypirouette
40%
conduct or procedures prescribed to observe in social lifeetiquette
32%
a graduated glass tube with a tap at one end, for delivering known volumes of a liquid, especially in titrations.burette
24%
a food made of deep-fried meat or vegetables coated with egg and breadcrumbscroquette
24%
a highly manoeuverable armed escort shipcorvette
12%
a flat round cake of pastry, usually topped with fruitgalette
12%
a dungeon with an opening at the topoubliette
12%
a picture that darkens gradually into the surroundingsvignette
12%
a skewer or spit on which chunks of meat or fish are barbecued, grilled, or roastedbrochette
8%
something that has the shape of a crescentlunette
8%
a dart fired in clusters from a gun or a missileflechette
4%
a period of intense work undertaken in order to meet a deadlinecharette
0%
a unimportant young female character in a comedysoubrette
0%

Score Distribution

Percentile by Number Answered

Percent of People with Each Score

Your Score History

You have not taken this quiz